| 000 | 00817cam a22002418a 4500 | ||
|---|---|---|---|
| 003 | OCoLC | ||
| 005 | 20260602111141.0 | ||
| 008 | 110928s2012 nyu b 001 0 eng c | ||
| 020 | _a9781919895376 (pbk) | ||
| 040 |
_cMPL _a3228 _erda |
||
| 082 | 0 | _a352.35096 ACCO | |
| 245 | 0 | 0 | _aAccountable government in Africa :perspectives from public law and political studies |
| 250 | _aFirst edition | ||
| 260 |
_aNew York : _bUnited Nations University Press, _c2012. |
||
| 300 |
_axvii, 302 pages, _c23 cm. |
||
| 504 | _aIncludes bibliographical references and index. | ||
| 521 | _aAdults | ||
| 650 | 0 |
_aGovernment accountability _zAfrica. _9174777 |
|
| 651 | 0 |
_aAfrica _xPolitics and government _y1960- _9174778 |
|
| 700 | 1 |
_aChirwa, Danwood Mzikenge. _9174779 |
|
| 700 | 1 |
_aNijzink, Lia. _987349 |
|
| 942 |
_2ddc _cBOOK _y396 _zZanele Zitha |
||
| 999 |
_c741919 _d741918 |
||